| 000 | 00715nam a2200241 i 4500 | ||
|---|---|---|---|
| 001 | 19916 | ||
| 003 | ES-MaACL | ||
| 005 | 20240524172134.0 | ||
| 007 | t| | ||
| 008 | 021029s2002 sp ||||1| spa d | ||
| 020 | _a84-95587-08-4 | ||
| 080 | _a821.112.2(437)-92"19" | ||
| 100 | 1 |
_aKisch, Egon Erwin. _968149 |
|
| 245 | 1 | 0 |
_aDe calles y noches de Praga / _cEgon Erwin Kisch ; traducción de Rosa Pilar Blanco. |
| 250 | _a1ª ed. | ||
| 260 |
_aBarcelona : _bMinúscula, _c2002. |
||
| 300 |
_a282 p. ; _c17 cm. |
||
| 490 | 1 |
_aPaisajes narrados ; _v5 |
|
| 700 | 1 |
_aBlanco, Rosa Pilar _929205 |
|
| 830 | 0 |
_aPaisajes narrados ; _v5 _9180648 |
|
| 852 |
_aES-MaACL _jA-8285 _bR.131469 |
||
| 999 |
_c19916 _d19916 |
||